000 00595nam a22002057a 4500
999 _c4804
_d4804
003 AR-CdUCM
008 190311b ||||| |||| 00| 0 -pt d
040 _aMUNICIPALIDAD PROVINCIAL DEL CUSCO
_cBIBLIOTECA MUNICIPAL DEL CUSCO
082 _a861.41 /
_bG71
100 _aGoutinho, Edilberto
_914823
245 _aMaragana Adeus /
260 _aHabana :
_bCasa de las Americana,
_c1980.
300 _a136 paginas ;
_c19 cm.
500 _aDonación familia Nieto
505 _aContenido :Novela /
650 _aLiteratura
_9416
650 _aNovela
_95
942 _2ddc
_cLIBROS
945 _arjall